000 00480nam a22001817a 4500
005 20240920130718.0
008 240918b |||||||| |||| 00| 0 eng d
020 _a978-93-87090-42-3
041 _aeng
082 _a615.4
100 _aSHARMA, PAWAN KUMAR
_98520
245 _aREMEDIAL MATHEMATICS, [B.PHARMA, 1ST SEMESTER]
250 _a1ST ED. 2017-18
260 _aLUCKNOW
_bTHAKUR PUBLICATION PVT LTD.
300 _a248;P
650 _aPHARMACY
_xB.PHARMA
942 _cBK
999 _c8648
_d8646